000 00751nam a22002532a 4500
999 _c4963
_d4963
001 4963
003 BD-JhCC
005 20171205201912.0
008 500101s1959 enka 000 1 eng d
035 _a(BD-JhCC)4963
040 _aCLU
_cCLU
_dUKM
_dEQO
_dBD-JhCC
041 _aeng
082 _a833.91
_218
_bBAU 1959
100 1 _aBaumann, Hans,
_d1914-1988
245 1 4 _aThe lion and the unicorn /
_cHans Baumann ; translated by Katharine Potts
260 _aOxford University Press :
_bLondon,
_c1959.
300 _a49 p. :
_bill. ;
_c24 cm
500 _aTranslation of: Einhorn und der Löwe illustrated by Ulrik Schramm ;
650 _aWood-carvers
650 _aFantasy
700 1 _aPotts, Katharine
942 _2ddc
_cBK